แสดงรายละเอียดบรรณานุกรม
  กลับหน้าหลัก

Brief Record : Get Marc (ISO 2709) : E-mail record : QR code ปิดหน้าต่าง
LEADER 00000nama 2200000uu 4500
008    040531s2534 th m m a000 0 tha d
041    tha
050    วจ WA21 ภ184ป 2534
100    ภรต โทนแก้ว ศิริพร ภาณุเรืองรัศมี
245    ปัจจัยที่สัมพันธ์กับเจตคติต่อวิชาชีพของนักศึกษาเจ้าพนักงานสาารณสุข (พนักงานอนามัย) 400
246    วิชาชีพนักศึกษา
260    ยะลา วิทยาลัยการสาธารณสุขภาคใต้ 2534
300    113 หน้า
650    เจ้าพนักงานสาธารณสุข
998    2002-09-02
999    ^aใช้งานได้ทุกระบบ
รายการนี้ยังไม่มีแท็ก
คุณยังไม่ได้ล็อกอิน คุณสามารถมีกิจกรรมร่วมกับเว็บไซต์ได้ แต่ต้องล็อกอินก่อน ::
  ล็อกอิน
ลำดับที่ ประเภท เลขเรียก สถานที่ สถานะ
1. งานวิจัย
งานวิจัย
วจ WA21 ภ184ป 2534  
  
ชั้นหนังสือวิจัย On Shelf
  ขอยืม
   [แสดง 1/1 รายการ]

รายการใกล้เคียง
    หัวเรื่อง [เจ้าพนักงานสาธารณสุข]

BibComment


ยังไม่เคยถูกคอมเมนท์

คอมเมนท์ทรัพยากรรายการนี้
  คอมเมนท์: ปัจจัยที่สัมพันธ์..
Bib 188010

 
 
 

 Union Library Management : ULibM
Copyright 2026. All Rights Reserved.
скачать бесплатно без регистрации порно красивый секс HD Sex Hindi sex

xxx gou

xxxx

bfxxx

xxxwww

Секса Видео

xxxx

Секса Видео

detube

geilexxx

C99 Shell

worms shell

blod xxx video
Ebony Coed Rihanna Rimes Takes A Dick In Her Young Twat priyaa indian fuck anal and pusssy hardcore indian women xxx desi hardcore fucking part 1 bengalixxxcouple